000
00332nam a2200133Ia 4500
008
231129s9999||||xx |||||||||||||| ||spa||
020
_a
84-286-0200-X
040
_b
spa
082
_a
613.79 B474r
100
_a
Benson Herbert
245
0
_a
Relajacion
264
_a
Pomaire
942
_2
ddc
_c
BKS
999
_c
23934
_d
23934